000 00912nam a22002415i 4500
001 177754
003 ES-MaACL
005 20250804074424.0
008 110419s1925 sp |||| | spa d
080 _a930.85"04/14"
080 _a1"04/14"
100 1 _aLandsberg, Paul Ludwig.
_969975
245 1 3 _aLa Edad Media y nosotros :
_b(ensayo filosófico-histórico sobre el sentido de una época) /
_cpor Pablo Luis Landsberg ; traducción del alemán por J. Pérez Bances.
260 _aMadrid :
_bRevista de Occidente,
_c1925.
300 _a198 p. :
_bil. ;
_c18 cm.
490 1 _aNuevos hechos, nuevas ideas ;
_v4
650 0 4 _aCivilización medieval.
_9146249
650 7 _aFilosofía medieval
_2embne
_912857
700 1 _aPérez Bances, José Ramón.
_990655
830 1 _aNuevos hechos, nuevas ideas ;
_v4
_9184426
852 _aES-MaACL
_jE-14953
_xOlim P-209
999 _c177754
_d177754